| 000 | 00799cab a2200253 4500 | ||
|---|---|---|---|
| 001 | WB3203-32 | ||
| 008 | 090401t1996 xxu||||| |||| 00| 0 eng d | ||
| 035 | _a(Sirsi) u2074 | ||
| 041 | _aeng | ||
| 245 | _aProperty centre challenge fails | ||
| 260 | _c1996 | ||
| 350 | _a0 | ||
| 490 |
_aScotsman _v12 January 1996, 9(1) |
||
| 520 | _aProperty centres in Scotland have fought off a challenge by estate agents to their system of only advertising houses which are being marketed by solicitors. | ||
| 650 | _aESTATE AGENTS | ||
| 650 | _aLEGAL SERVICES | ||
| 650 | _aPROPERTY CENTRES | ||
| 650 | _aRESTRICTIVE TRADE PRACTICES ACT 1976 | ||
| 650 | _aSCOTLAND | ||
| 650 | _aSOLICITORS | ||
| 690 | _aMANAGEMENT-BUSINESS MANAGEMENT-PROFESSIONAL PRACTICE | ||
| 942 | _n0 | ||
| 948 | _c04/03/1997 | ||
| 999 |
_c1240 _d1240 |
||